<?xml version="1.0" encoding="UTF-8"?><?xml-stylesheet type="text/xsl" href="static/style.xsl"?><OAI-PMH xmlns="http://www.openarchives.org/OAI/2.0/" xmlns:xsi="http://www.w3.org/2001/XMLSchema-instance" xsi:schemaLocation="http://www.openarchives.org/OAI/2.0/ http://www.openarchives.org/OAI/2.0/OAI-PMH.xsd"><responseDate>2026-06-01T19:13:01Z</responseDate><request verb="GetRecord" identifier="oai:docta.ucm.es:20.500.14352/125363" metadataPrefix="marc">https://docta.ucm.es/rest/oai/request</request><GetRecord><record><header><identifier>oai:docta.ucm.es:20.500.14352/125363</identifier><datestamp>2025-10-25T00:00:28Z</datestamp><setSpec>com_20.500.14352_14</setSpec><setSpec>col_20.500.14352_15</setSpec></header><metadata><record xmlns="http://www.loc.gov/MARC21/slim" xmlns:dcterms="http://purl.org/dc/terms/" xmlns:xsi="http://www.w3.org/2001/XMLSchema-instance" xmlns:doc="http://www.lyncode.com/xoai" xsi:schemaLocation="http://www.loc.gov/MARC21/slim http://www.loc.gov/standards/marcxml/schema/MARC21slim.xsd">
   <leader>00925njm 22002777a 4500</leader>
   <datafield ind2=" " ind1=" " tag="042">
      <subfield code="a">dc</subfield>
   </datafield>
   <datafield ind2=" " ind1=" " tag="720">
      <subfield code="a">Santos Solva Junior, Romualdo</subfield>
      <subfield code="e">author</subfield>
   </datafield>
   <datafield ind2=" " ind1=" " tag="720">
      <subfield code="a">Martín Merodio, Alejandro</subfield>
      <subfield code="e">author</subfield>
   </datafield>
   <datafield ind2=" " ind1=" " tag="720">
      <subfield code="a">Martínez, E. A.</subfield>
      <subfield code="e">author</subfield>
   </datafield>
   <datafield ind2=" " ind1=" " tag="720">
      <subfield code="a">Gallego Toledo, Fernando</subfield>
      <subfield code="e">author</subfield>
   </datafield>
   <datafield ind2=" " ind1=" " tag="720">
      <subfield code="a">Nemes, Norbert Marcel</subfield>
      <subfield code="e">author</subfield>
   </datafield>
   <datafield ind2=" " ind1=" " tag="720">
      <subfield code="a">Bruno, Flavio Yair</subfield>
      <subfield code="e">author</subfield>
   </datafield>
   <datafield ind2=" " ind1=" " tag="260">
      <subfield code="c">2025-10-22</subfield>
   </datafield>
   <datafield ind2=" " ind1=" " tag="520">
      <subfield code="a">We report on the successful stabilization of a two-dimensional electron gas (2DEG) in Si3N4/AlOx//KTaO3(001) heterostructures. Electronic transport measurements reveal that the AlOx layer thickness critically modulates the 2DEG mobility, with an optimal thickness achieving a mobility of μ ≈ 444 cm2 V−1 s−1 at 10 K, which is, despite the amorphous granular nature of the AlOx layers, comparable to epitaxial oxide-based 2DEGs. Thicker AlOx layers reduce mobility and induce a Kondo-like upturn in resistance at low temperatures, which is attributed to oxygen depletion extending into the substrate and enhancing defect scattering. Additionally, the samples remain metallic after six months of exposure to ambient conditions, with high-mobility samples maintaining stable carrier densities and mobilities and experiencing only minor increases in sheet resistance over time. These findings highlight the potential of KTaO3 2DEGs for long-term electronic applications, providing valuable insights for optimizing oxide heterostructures for future device technologies.</subfield>
   </datafield>
   <datafield ind1="8" ind2=" " tag="024">
      <subfield code="a">R.S. Silva, A.M. Merodio, E.A. Martínez, F. Gallego, N.M. Nemes, and F.Y. Bruno, “Electronic transport properties and stability of 2D electron gases on Si3N4/AlOx//KTaO3 heterostructures,” Journal of Applied Physics 138(16), 165301 (2025).</subfield>
   </datafield>
   <datafield ind1="8" ind2=" " tag="024">
      <subfield code="a">0021-8979</subfield>
   </datafield>
   <datafield ind1="8" ind2=" " tag="024">
      <subfield code="a">10.1063/5.0293470</subfield>
   </datafield>
   <datafield ind1="8" ind2=" " tag="024">
      <subfield code="a">https://hdl.handle.net/20.500.14352/125363</subfield>
   </datafield>
   <datafield ind1="8" ind2=" " tag="024">
      <subfield code="a">1089-7550</subfield>
   </datafield>
   <datafield ind1="8" ind2=" " tag="024">
      <subfield code="a">https://doi.org/10.1063/5.0293470</subfield>
   </datafield>
   <datafield ind1="8" ind2=" " tag="024">
      <subfield code="a">https://pubs.aip.org/aip/jap/article/138/16/165301/3368884/Electronic-transport-properties-and-stability-of</subfield>
   </datafield>
   <datafield ind2="0" ind1="0" tag="245">
      <subfield code="a">Electronic transport properties and stability of 2D electron gases on Si3N4/AlOx//KTaO3 heterostructures</subfield>
   </datafield>
</record></metadata></record></GetRecord></OAI-PMH>